Principles of commercial law /
Guardado en:
| Autor principal: | |
|---|---|
| Formato: | Libro |
| Publicado: |
Nairobi :
LawAfrica,
c2006.
|
| Materias: | |
| Etiquetas: |
Agregar Etiqueta
Sin Etiquetas, Sea el primero en etiquetar este registro!
|
MARC
| LEADER | 00000cam a2200000 a 4500 | ||
|---|---|---|---|
| 005 | 20251202135201.0 | ||
| 020 | |a 9966712143 |c TZS 81,000/= | ||
| 040 | |a MCCL |b eng. |e AACR 2nd. rev.ed. | ||
| 082 | |a 346.07 LAI | ||
| 100 | 1 | |a Laibuta, Kibaya Imaana. | |
| 245 | 1 | 0 | |a Principles of commercial law / |c Kibaya Imaana, Laibuta. |
| 260 | |a Nairobi : |b LawAfrica, |c c2006. | ||
| 300 | |a xlvii, 490 p. ; |c 25 cm. | ||
| 504 | |a Includes bibliographical references and index. | ||
| 546 | |a eng. | ||
| 650 | 0 | |a Commercial law |z Kenya. | |
| 650 | 0 | |a Contracts | |
| 700 | |a Laibuta, Kibaya Imaana. | ||
| 942 | |c BK | ||
| 999 | |c 12503 |d 12503 | ||